Shoulder joint muscles - Statistics

General Stats
  • This quiz has been taken 18 times
  • The average score is 10 of 13
Answer Stats
Hint Answer % Correct
External rotation Infraspinatus
100%
Internal rotation Subscapularis
100%
External rotation, adduction Teres minor
100%
Shoulder flexion, Elbow flexion & supination Biceps brachii
89%
Flexion, horiz. flexion, adduction, weak internal rotation Pectoralis major
89%
1st 30° of abduction Supraspinatus
89%
Internal rotation, extension Teres major
89%
Extension, internal rotation, adduction Latissimus dorsi
78%
Shoulder extension & adduction, Elbow extension Triceps brachii
78%
Flexion, internal rotation Anterior deltoid
56%
Extension, external rotation Posterior deltoid
56%
Adduction, flexion Coracobrachialis
44%
Abduction after the first 30° Middle deltoid
44%
No matching quizzes found
Score Distribution
Percent of People with Each Score
Percentile by Number Answered
Your Score History
You have not taken this quiz